Draw A Pixel Picture IV Quiz Stats

Quiz Updated Aug 7, 2017

Challenge
Share
Tweet
Score 0/94 Timer 07:00
0 Plays Today
% Correct
???
71.1%
???
70.8%
???
70.7%
???
69.8%
???
68.9%
???
68.8%
???
68.1%
???
67.8%
???
67.5%
???
67.5%
???
67.4%
???
67.2%
???
67%
???
66.9%
???
66.9%
???
66.7%
???
66.3%
???
66.1%
???
65.8%
???
65.5%
???
65.3%
???
65.2%
???
65.1%
???
65%
???
64.8%
???
64.6%
???
64.5%
???
64.5%
???
64.1%
???
64%
???
63.6%
???
63.1%
% Correct
???
63.1%
???
63.1%
???
62.6%
???
62.5%
???
62.4%
???
62.2%
???
62.1%
???
62.1%
???
61.9%
???
61.9%
???
61.8%
???
61.7%
???
61.5%
???
61.5%
???
61.5%
???
61.4%
???
61.3%
???
61.1%
???
60.9%
???
60.8%
???
60.6%
???
60.6%
???
60.5%
???
60.4%
???
60.2%
???
60.2%
???
59.9%
???
59.8%
???
59.4%
???
59.4%
???
59.3%
???
59.1%
% Correct
???
59%
???
59%
???
59%
???
58.9%
???
58.9%
???
58.8%
???
58.7%
???
58.7%
???
58.5%
???
58.5%
???
58.4%
???
58.4%
???
58.4%
???
58.3%
???
58.1%
???
58%
???
57.7%
???
57.7%
???
57.6%
???
57.6%
???
57.5%
???
57.5%
???
57.4%
???
57.3%
???
56.8%
???
56.2%
???
56.1%
???
55.6%
???
55.1%
???
55.1%

You're not logged in!

Compare scores with friends on all Sporcle quizzes.
Sign Up with Email
OR
Log In

You Might Also Like...

Show Comments

Extras

Top Quizzes Today


Score Distribution

Your Account Isn't Verified!

In order to create a playlist on Sporcle, you need to verify the email address you used during registration. Go to your Sporcle Settings to finish the process.